| 000 | 00540nam a2200241Ia 4500 | ||
|---|---|---|---|
| 003 | IT-RoPAU | ||
| 008 | 120407s9999 xx 000 0 und d | ||
| 040 | _aIT-RoPAU | ||
| 040 | _cIT-RoPAU | ||
| 041 | _aita | ||
| 100 | _aSandro Spinsanti | ||
| 100 | _ccur. | ||
| 245 | _aBioetica e grandi religioni. AA. VV. | ||
| 250 | _aCinisello Balsamo | ||
| 260 | _aEdizioni Paoline | ||
| 260 | _c1987 | ||
| 300 | _a155 p. | ||
| 300 | _c21 cm | ||
| 490 | _aEtica professionale e sociale | ||
| 490 | _v4 | ||
| 942 | _cBK | ||
| 999 |
_c26233 _d26233 |
||